000 00772nam a2200253 i 4500
001 bg
245 0 0 _aSłownik botaniczny /
_cpod red. Alicji i Jerzego Szweykowskich ; [noty encyklopedyczne napisali Kazimierz Browicz et al.].
250 _a[Wyd. 1
_a(dodr.)].
260 _aWarszawa :
_b"Wiedza Powszechna",
_c1996.
300 _a799, [1] s., [48] s. tabl. kolor. :
_bfot., 1 mapa, rys. ;
_c25 cm.
504 _aIndeks.
650 9 _aBotanika
655 _aEncyklopedie
700 1 _aSZWEYKOWSKI, Jerzy.
_eRed.
700 1 _aSZWEYKOWSKA, Alicja.
_eRed.
700 1 _aBROWICZ, Kazimierz.
020 _a8321401406
040 _cBPK
041 0 _apl
080 _a58(03)
920 _a83-214-0140-6
942 _cKS
008 s pl f |000 0 pol
999 _c31231
_d31231
856 _uhttp://koha.tu.koszalin.pl/cgi-bin/koha/opac-detail.pl?biblionumber=31231
_yKatalog online BPK